[Event "Waltrop- Hamm"]
[Site "?"]
[Date "2022.10.16"]
[Round "3.7"]
[White "Boelling, Andreas"]
[Black "Sehrbrock, Christoph"]
[Result "1/2-1/2"]
[WhiteElo "1780"]
[BlackElo "1970"]
[PlyCount "57"]
[SourceDate "2022.10.02"]

1. e4 d5 2. exd5 Qxd5 3. d4 Nf6 4. Nf3 Bf5 5. Be2 e6 6. O-O c6 7. b3 Be7 8. Ba3
Qd8 9. Bxe7 Qxe7 10. Nbd2 Nd5 11. Nc4 O-O 12. Qd2 Nd7 13. Ne3 Bg6 14. Nxd5 cxd5
15. Bd3 Bxd3 16. Qxd3 Rac8 17. c4 dxc4 18. bxc4 Nb6 19. Rac1 Rfd8 20. Qb3 Qc7
21. c5 Nd7 22. Qa3 Qb8 23. h3 Rc6 24. Rb1 b6 25. Rfc1 Qc7 26. cxb6 axb6 27.
Rxc6 Qxc6 28. Qe7 Rf8 29. Qb4 1/2-1/2

[Event "Waltrop- Hamm"]
[Site "?"]
[Date "2022.10.16"]
[Round "3.8"]
[White "Schmidt, Sebastian"]
[Black "Fluegel, Thomas"]
[Result "0-1"]
[WhiteElo "1731"]
[BlackElo "1778"]
[PlyCount "44"]
[SourceDate "2022.10.02"]

1. e4 e6 2. d4 d5 3. Nd2 Nf6 4. e5 Nfd7 5. Bd3 c5 6. c3 Nc6 7. Ne2 cxd4 8. cxd4
f6 9. exf6 Nxf6 10. Nf3 Bd6 11. O-O O-O 12. Re1 e5 13. dxe5 Nxe5 14. Nxe5 Bxe5
15. Ng3 Ng4 16. Re2 Qh4 17. Bxh7+ Kxh7 18. h3 Nxf2 19. Rxf2 Rxf2 20. Qd3+ Rf5
21. Nxf5 Qe1+ 22. Qf1 Bh2+ 0-1

[Event "Gladbeck- Hansa Dortmund 2"]
[Site "?"]
[Date "2022.10.16"]
[Round "3.1"]
[White "Zelt, Jens"]
[Black "Hassenrueck, Helmut"]
[Result "0-1"]
[WhiteElo "2086"]
[BlackElo "2153"]
[PlyCount "108"]
[SourceDate "2022.10.02"]

1. d4 Nf6 2. Nf3 d5 3. Bf4 c5 4. c3 Nc6 5. dxc5 e6 6. e3 Bxc5 7. h3 O-O 8. Be2
Qe7 9. Bg5 Rd8 10. O-O e5 11. b4 Bb6 12. b5 Na5 13. Bh4 Bf5 14. Bg3 Nc4 15.
Nbd2 Nxd2 16. Nxd2 d4 17. exd4 exd4 18. c4 Ba5 19. Bh4 Bc3 20. Bf3 Bxa1 21.
Qxa1 Re8 22. Qxd4 Rad8 23. Qb2 Qe5 24. Qxe5 Rxe5 25. Nb3 b6 26. Bxf6 gxf6 27.
Rc1 Rd3 28. h4 Be6 29. Kf1 h5 30. Be2 Rd8 31. f3 Bf5 32. Rc3 Rde8 33. Nc1 Re3
34. Rb3 Rxb3 35. Nxb3 Rd8 36. c5 bxc5 37. Nxc5 Rd2 38. a4 Ra2 39. g3 Kf8 40. f4
Bh3+ 41. Ke1 Bg4 42. Bf1 Ke7 43. Bd3 Bf3 44. Bf5 Kd6 45. Nd7 Rxa4 46. Nxf6 Rb4
47. Bd3 Rb2 48. Nh7 Kc5 49. Ng5 Bd5 50. Be2 Kd4 51. Bxh5 Ke3 52. Kd1 f6 53. Nh7
Be4 54. Nxf6 Rb1# 0-1

[Event "Gladbeck- Hansa Dortmund 2"]
[Site "?"]
[Date "2022.10.16"]
[Round "3.2"]
[White "Frohne, Gerd"]
[Black "Dawid, Adalbert"]
[Result "1-0"]
[WhiteElo "2103"]
[BlackElo "2120"]
[PlyCount "133"]
[SourceDate "2022.10.02"]

1. d4 e6 2. c4 Nf6 3. Nf3 d5 4. g3 Be7 5. Bg2 O-O 6. O-O dxc4 7. Qc2 a6 8. Rd1
Nbd7 9. Nbd2 b5 10. Ne5 Nd5 11. Nc6 Qe8 12. e4 Nb4 13. Nxb4 Bxb4 14. e5 Rb8 15.
Ne4 Be7 16. h4 Nb6 17. b3 Bb7 18. Bg5 Bxe4 19. Bxe4 h6 20. Be3 f5 21. exf6 Bxf6
22. Bh7+ Kh8 23. Bg6 Qd7 24. Qd2 Nd5 25. bxc4 bxc4 26. Rac1 Nxe3 27. Qxe3 Rb2
28. Rxc4 Rxa2 29. Bb1 Ra5 30. Qc3 Rb5 31. Qc2 Rxb1 32. Qxb1 Be7 33. Qb7 Bd6 34.
Qxa6 Qf7 35. Rc2 Qf3 36. Qe2 Qf5 37. Qd3 Qh3 38. Re2 Rf6 39. Ra2 Kg8 40. Ra8+
Kf7 41. Ra2 Rg6 42. Qf3+ Rf6 43. Qg2 Qg4 44. Rad2 Rf3 45. Rd3 Rf5 46. Re1 h5
47. Qe4 Qxe4 48. Rxe4 g5 49. hxg5 Rxg5 50. Rf3+ Ke7 51. Rfe3 Rg6 52. d5 e5 53.
f4 Bc5 54. Rxe5+ Kd6 55. Kf2 h4 56. gxh4 Bxe3+ 57. Kxe3 Rg3+ 58. Ke4 Rh3 59.
Re6+ Kd7 60. Rh6 Ke7 61. h5 Rh1 62. Re6+ Kf7 63. h6 c5 64. Rc6 Rh5 65. Rc7+ Kg6
66. h7 Rh1 67. d6 1-0

[Event "Gladbeck- Hansa Dortmund 2"]
[Site "?"]
[Date "2022.10.16"]
[Round "3.3"]
[White "Schaepers, Lars"]
[Black "Berg, Dietmar"]
[Result "0-1"]
[WhiteElo "1806"]
[BlackElo "2076"]
[PlyCount "94"]
[SourceDate "2022.10.02"]

1. d4 Nf6 2. Nf3 e6 3. c4 Bb4+ 4. Nc3 O-O 5. Bg5 h6 6. Bh4 b6 7. e3 Bb7 8. Be2
d6 9. O-O Bxc3 10. bxc3 Nbd7 11. Nd2 Qc8 12. Bf3 e5 13. Qc2 Bxf3 14. Nxf3 e4
15. Nd2 Re8 16. a4 a5 17. Rfb1 Re6 18. Rb5 Qe8 19. Bxf6 Nxf6 20. c5 bxc5 21.
dxc5 c6 22. Rb7 dxc5 23. Rab1 Rd6 24. Nc4 Rd3 25. Qb3 Nd7 26. h3 Qe6 27. Nb6
Qxb3 28. Rxb3 Nxb6 29. R7xb6 c4 30. Ra3 Rc8 31. Ra6 Rd5 32. Ra1 Kf8 33. g4 Rc7
34. Kg2 Ke7 35. Kg3 Kd6 36. Kf4 Re7 37. Ra2 g5+ 38. Kg3 Rb7 39. Ra8 Rb3 40. Re8
Rxc3 41. Rxe4 Kc5 42. Re7 Rb3 43. Kf3 c3 44. Ke2 Rb1 45. Rc7 Kb6 46. Rc8 Kb7
47. Rf8 Rb2+ 0-1

[Event "Gladbeck- Hansa Dortmund 2"]
[Site "?"]
[Date "2022.10.16"]
[Round "3.4"]
[White "Kruse, Peter"]
[Black "Faymonville, Maxime"]
[Result "0-1"]
[WhiteElo "1952"]
[BlackElo "1587"]
[PlyCount "96"]
[SourceDate "2022.10.02"]

1. e4 e6 2. d4 d5 3. e5 c5 4. c3 Nc6 5. Nf3 Qb6 6. a3 c4 7. g3 Bd7 8. Bh3 Na5
9. Nbd2 h6 10. Rb1 O-O-O 11. Qc2 Kb8 12. b4 cxb3 13. Nxb3 Nxb3 14. Qxb3 Qxb3
15. Rxb3 Rc8 16. Kd2 Ne7 17. Rb1 Nc6 18. Kd3 Na5 19. Nd2 Ba4 20. Bb2 Be7 21.
Bg4 Rc7 22. Rhc1 Rhc8 23. Be2 Bb5+ 24. Ke3 Bxe2 25. Kxe2 Nc4 26. Nxc4 Rxc4 27.
Ra1 R8c6 28. Rc2 Rxd4 29. f3 Rdc4 30. Kd3 Ra6 31. Bc1 Bd8 32. Rca2 Ba5 33. Rc2
Rac6 34. Bb2 d4 35. Rac1 dxc3 36. Bxc3 Bxc3 37. Rxc3 Rxc3+ 38. Rxc3 Rxc3+ 39.
Kxc3 Kc7 40. Kc4 Kc6 41. a4 b6 42. f4 a6 43. Kd4 f6 44. Kc4 fxe5 45. fxe5 Kd7
46. g4 Ke7 47. h4 Kf7 48. h5 Ke7 0-1

[Event "Gladbeck- Hansa Dortmund 2"]
[Site "?"]
[Date "2022.10.16"]
[Round "3.5"]
[White "Geelhaar, Thorsten"]
[Black "Rickert, Stefan"]
[Result "0-1"]
[WhiteElo "1678"]
[BlackElo "2031"]
[PlyCount "34"]
[SourceDate "2022.10.02"]

1. e4 c5 2. Nf3 d6 3. Be2 Nf6 4. d3 g6 5. c3 Bg7 6. Qc2 O-O 7. a4 Nc6 8. Nbd2
d5 9. Nf1 c4 10. exd5 cxd3 11. Bxd3 Nxd5 12. Bd2 Bg4 13. Ng1 Rc8 14. Qb1 Ne5
15. Ng3 Nxc3 16. bxc3 Nxd3+ 17. Kf1 Nxf2 0-1

[Event "Gladbeck- Hansa Dortmund 2"]
[Site "?"]
[Date "2022.10.16"]
[Round "3.6"]
[White "Huttny, Georg"]
[Black "Zhang, Jingfu"]
[Result "1-0"]
[WhiteElo "1808"]
[BlackElo "1663"]
[PlyCount "103"]
[SourceDate "2022.10.02"]

1. c4 e6 2. g3 Nf6 3. Bg2 Be7 4. Nf3 O-O 5. O-O d5 6. b3 c6 7. Bb2 Nbd7 8. d3
b5 9. Nbd2 a5 10. cxb5 cxb5 11. Rc1 Bb7 12. Qc2 Rc8 13. Qb1 Rxc1 14. Rxc1 Qb6
15. Bd4 Bc5 16. Bxc5 Nxc5 17. Ne5 Ncd7 18. Ndf3 Nxe5 19. Nxe5 Qd6 20. Qb2 Rc8
21. Rxc8+ Bxc8 22. Qc3 Bb7 23. Qxa5 h6 24. d4 b4 25. Nd3 Ba6 26. Qxb4 Qxb4 27.
Nxb4 Bxe2 28. Bf1 Bxf1 29. Kxf1 Kf8 30. a4 Ke8 31. f3 Kd8 32. Nc6+ Ke8 33. Ke2
Nd7 34. a5 f6 35. f4 Nf8 36. b4 Kd7 37. b5 Kc7 38. Nb4 Nd7 39. Nd3 Kd6 40. Kd2
f5 41. Ke3 Nf8 42. Nc5 Kc7 43. b6+ Kb8 44. a6 g5 45. fxg5 hxg5 46. h4 f4+ 47.
gxf4 gxh4 48. Kf3 Ka8 49. Kg4 e5 50. fxe5 h3 51. Kxh3 Nd7 52. b7+ 1-0

[Event "Gladbeck- Hansa Dortmund 2"]
[Site "?"]
[Date "2022.10.16"]
[Round "3.7"]
[White "Majdpour, Pouya"]
[Black "Busch, Udo"]
[Result "0-1"]
[WhiteElo "1772"]
[BlackElo "1781"]
[PlyCount "146"]
[SourceDate "2022.10.02"]

1. d4 d5 2. c4 e6 3. Nc3 Nf6 4. Bg5 Be7 5. e3 h6 6. Bh4 O-O 7. Nf3 Ne4 8. Bxe7
Qxe7 9. Rc1 c6 10. Bd3 f5 11. O-O Nd7 12. a3 a5 13. Qe2 Kh8 14. Na4 dxc4 15.
Bxe4 fxe4 16. Ne5 Nxe5 17. dxe5 b5 18. Nc3 Qg5 19. Nxe4 Qxe5 20. Ng3 Bb7 21. f4
Qf6 22. Ne4 Qe7 23. Qh5 Rf5 24. Qg6 Rd5 25. Rf3 Qe8 26. Qg4 Qf7 27. Rg3 Rg8 28.
Ng5 Qf5 29. Qh5 Rf8 30. Rf1 Rd7 31. e4 Qc5+ 32. Kh1 Kg8 33. Qxh6 gxh6 34. Nxe6+
Kh7 35. Nxc5 Rxf4 36. Re1 Rdf7 37. h3 Rf2 38. Nxb7 Rxb7 39. b3 cxb3 40. Rxb3
Rg7 41. g3 Re7 42. Rc3 Re6 43. Kg1 Rb2 44. e5 Kg6 45. g4 Rd2 46. Re4 Rd5 47.
Kf2 c5 48. Rce3 Kf7 49. h4 c4 50. Kf3 Rc6 51. Rf4+ Ke7 52. g5 hxg5 53. hxg5 Re6
54. Rfe4 Rc5 55. Re2 b4 56. axb4 axb4 57. Ra2 Rexe5 58. Ra7+ Kd6 59. g6 Rxe4
60. Kxe4 Rg5 61. Rb7 b3 62. Kd4 Rg4+ 63. Kc3 Kc6 64. Rb4 Kc5 65. Rb8 Rg3+ 66.
Kb2 Rxg6 67. Rc8+ Rc6 68. Rh8 Rb6 69. Rh5+ Kb4 70. Rh4 Ra6 71. Rg4 Ra2+ 72. Kb1
Rd2 73. Kc1 b2+ 0-1

[Event "Gladbeck- Hansa Dortmund 2"]
[Site "?"]
[Date "2022.10.16"]
[Round "3.8"]
[White "Wendt, Peter"]
[Black "Goldbeck, Daniel"]
[Result "1/2-1/2"]
[WhiteElo "1776"]
[BlackElo "1546"]
[PlyCount "28"]
[SourceDate "2022.10.02"]

1. e4 e5 2. Nc3 Bc5 3. f4 Bxg1 4. Rxg1 Qh4+ 5. g3 Qxh2 6. Rg2 Qh1 7. fxe5 d6 8.
exd6 cxd6 9. d4 Nf6 10. Qf3 Bg4 11. Qf4 Nc6 12. Be3 O-O 13. Rg1 Qh2 14. Bg2 Nb4
1/2-1/2

[Event "Mengede- Dortmunder SV"]
[Site "?"]
[Date "2022.10.16"]
[Round "3.1"]
[White "Schulenburg, Pit"]
[Black "Borgschulze, Maik"]
[Result "1/2-1/2"]
[WhiteElo "2256"]
[BlackElo "2120"]
[PlyCount "21"]
[SourceDate "2022.10.02"]

1. d4 Nf6 2. c4 e6 3. Nf3 b6 4. a3 Ba6 5. Qc2 Bb7 6. Nc3 c5 7. dxc5 bxc5 8. Bf4
Be7 9. e3 O-O 10. Be2 d5 11. Rd1 1/2-1/2

[Event "Mengede- Dortmunder SV"]
[Site "?"]
[Date "2022.10.16"]
[Round "3.2"]
[White "Delvos, Thorsten"]
[Black "Mallee, Ralph"]
[Result "0-1"]
[WhiteElo "2000"]
[BlackElo "2058"]
[PlyCount "82"]
[SourceDate "2022.10.02"]

1. c4 Nf6 2. g3 c6 3. Bg2 d5 4. Nf3 g6 5. O-O Bg7 6. d3 dxc4 7. dxc4 Qxd1 8.
Rxd1 O-O 9. Nc3 Be6 10. Nd2 Rd8 11. b3 Ne4 12. Bxe4 Bxc3 13. Rb1 Na6 14. a3 Rd7
15. Bd3 Nc5 16. Nf1 Bf5 17. Bg5 Nxd3 18. exd3 f6 19. Bd2 Bxd2 20. Rxd2 Rad8 21.
Re1 Kf7 22. Ne3 Rxd3 23. Rde2 Bc8 24. Nc2 e6 25. b4 Rd2 26. c5 Rxe2 27. Rxe2 e5
28. f3 Rd3 29. Kf2 Be6 30. Re3 Rd2+ 31. Re2 Rxe2+ 32. Kxe2 g5 33. g4 f5 34. Ne3
f4 35. Nd1 e4 36. Nc3 Bc4+ 37. Kf2 e3+ 38. Ke1 Bd3 39. a4 Ke6 40. b5 Ke5 41. b6
a5 0-1

[Event "Mengede- Dortmunder SV"]
[Site "?"]
[Date "2022.10.16"]
[Round "3.3"]
[White "Boehmfeldt, Bruno"]
[Black "Bork, Sophie"]
[Result "1-0"]
[WhiteElo "2275"]
[BlackElo "1815"]
[PlyCount "89"]
[SourceDate "2022.10.02"]

1. Nf3 d5 2. g3 Nf6 3. Bg2 e6 4. O-O Bd6 5. d3 O-O 6. Nbd2 Nbd7 7. e4 dxe4 8.
dxe4 e5 9. Re1 Nc5 10. b3 Qe7 11. Bb2 Bg4 12. h3 Bh5 13. Qe2 Bg6 14. Nh4 Qe6
15. Qf3 c6 16. a4 Rad8 17. Nxg6 hxg6 18. Nc4 Bc7 19. Qe3 Nfd7 20. Ba3 b6 21. h4
Rfe8 22. Kh2 Nb7 23. Bh3 Qf6 24. Rad1 Ndc5 25. Qe2 b5 26. axb5 cxb5 27. Nd2 Ne6
28. Bxe6 Rxe6 29. Kg2 Ba5 30. Rf1 Nd6 31. Nf3 b4 32. Bc1 Qe7 33. Ng5 Rf6 34.
Rd5 Bb6 35. Nf3 Re6 36. Rfd1 f6 37. Be3 Nxe4 38. Rxd8+ Bxd8 39. Qc4 Nc3 40.
Rxd8+ Qxd8 41. Qxe6+ Kh7 42. Qg4 e4 43. Nd4 Qd5 44. Ne6 Nd1 45. Qxg6+ 1-0

[Event "Mengede- Dortmunder SV"]
[Site "?"]
[Date "2022.10.16"]
[Round "3.4"]
[White "Kraus, Reinhard"]
[Black "Zeldin, Leonid"]
[Result "0-1"]
[WhiteElo "1776"]
[BlackElo "2104"]
[Annotator "daniel"]
[PlyCount "76"]
[SourceDate "2022.10.02"]

1. c4 b6 2. Nc3 Bb7 3. e4 e5 4. d3 Nf6 5. g3 Bc5 6. Bg2 Nc6 7. Nge2 h5 8. a3 a5
9. h4 Ng4 10. O-O f6 11. Na4 Qe7 12. Nec3 Nd4 13. Nxc5 Qxc5 14. Na4 Qe7 15. f3
Nh6 16. Be3 $11 O-O-O 17. Rc1 g5 18. c5 b5 19. Nc3 c6 20. Ne2 gxh4 21. gxh4
Rdg8 22. Bxd4 exd4 23. Nxd4 f5 24. Qe1 Rxg2+ 25. Kxg2 Qg7+ 26. Kh3 Qxd4 27. Qc3
Qxc3 28. Rxc3 Nf7 29. Rg1 Rh7 30. exf5 d6 31. d4 Kc7 32. Kg3 Rh6 33. Re3 Rf6
34. Re7+ Kb8 35. Kf2 dxc5 36. Rg8+ Bc8 37. Ree8 Nd6 38. dxc5 Nxe8 0-1

[Event "Mengede- Dortmunder SV"]
[Site "?"]
[Date "2022.10.16"]
[Round "3.5"]
[White "Brockmann, Fabian"]
[Black "Echargui, Amin"]
[Result "1-0"]
[WhiteElo "2003"]
[BlackElo "1776"]
[PlyCount "57"]
[SourceDate "2022.10.02"]

1. e4 e5 2. d4 exd4 3. Qxd4 Nc6 4. Qe3 b6 5. Bd3 Bc5 6. Qg3 Nf6 7. Nc3 Qe7 8.
Nge2 Ne5 9. Bg5 c6 10. f4 Neg4 11. Rf1 h6 12. Bxf6 Nxf6 13. e5 Nh5 14. Qf3 g6
15. O-O-O Bb7 16. Ne4 O-O-O 17. Bc4 f5 18. Nd6+ Bxd6 19. Rxd6 Ng7 20. Qa3 Kb8
21. Rxg6 Qxa3 22. bxa3 Ne8 23. Bd3 Nc7 24. Bxf5 Nd5 25. Be4 Ne3 26. Rf3 Nc4 27.
Rh3 d5 28. Bd3 Nxa3 29. Rhxh6 1-0

[Event "Mengede- Dortmunder SV"]
[Site "?"]
[Date "2022.10.16"]
[Round "3.6"]
[White "Ropel, Dennis"]
[Black "Alarand, Beshr"]
[Result "0-1"]
[WhiteElo "1743"]
[BlackElo "1919"]
[PlyCount "90"]
[SourceDate "2022.10.02"]

1. d4 Nf6 2. Nf3 e6 3. Bf4 d5 4. e3 Bd6 5. Bg3 Ne4 6. Bd3 f5 7. Nbd2 O-O 8. c4
c6 9. a3 Nxg3 10. hxg3 a5 11. Ne5 Bxe5 12. dxe5 g6 13. Rb1 Nd7 14. f4 Nc5 15.
Bc2 d4 16. exd4 Qxd4 17. Qe2 b5 18. cxb5 cxb5 19. Nf3 Qd5 20. O-O b4 21. Rfd1
Qc6 22. Rd6 Qc7 23. Rbd1 Ba6 24. Qe3 Bc4 25. Rc1 Rfc8 26. Bxf5 Bd5 27. Rxd5
exd5 28. Bxc8 Rxc8 29. axb4 axb4 30. Qd4 Qb6 31. Qxd5+ Ne6+ 32. Kh2 Rxc1 33.
Nd4 Rc5 34. Qxe6+ Qxe6 35. Nxe6 Rc2 36. b3 Rc3 37. Nd4 h5 38. Kh3 Rd3 39. Nc6
Rxb3 40. Kh4 Kf7 41. g4 hxg4 42. Kxg4 Rb2 43. g3 b3 44. Na5 Rb1 45. Nc4 Rc1 0-1

[Event "Mengede- Dortmunder SV"]
[Site "?"]
[Date "2022.10.16"]
[Round "3.7"]
[White "Wolff, Torsten"]
[Black "Schmidt, Jonas"]
[Result "1-0"]
[WhiteElo "1994"]
[BlackElo "1728"]
[PlyCount "87"]
[SourceDate "2022.10.02"]

1. d4 f5 2. g3 Nf6 3. Bg2 g6 4. c4 Bg7 5. Nc3 O-O 6. Nh3 d6 7. d5 c6 8. O-O e5
9. dxe6 Bxe6 10. Qb3 Qc7 11. Ng5 Bf7 12. Nxf7 Rxf7 13. Rd1 Nbd7 14. Bf4 Ne5 15.
Rac1 Kh8 16. h3 Nh5 17. Bd2 Raf8 18. Bf3 Nxf3+ 19. exf3 Re7 20. Bg5 Rd7 21. Be3
Re8 22. Bxa7 b5 23. Bd4 Bxd4 24. Rxd4 bxc4 25. Qxc4 d5 26. Nxd5 Qb7 27. Nf4
Nxf4 28. Rxd7 Nxh3+ 29. Kh2 Qxd7 30. Kxh3 Rc8 31. Qc3+ Kg8 32. Qb3+ Kf8 33. Rd1
Qa7 34. Kg2 c5 35. Qc4 Ra8 36. a3 Rb8 37. b4 cxb4 38. axb4 Qb7 39. Qc5+ Kf7 40.
Rd4 Kg7 41. Qe5+ Kf7 42. Rh4 Kg8 43. Rc4 Qb5 44. Rc8+ 1-0

[Event "Oberhausen- Katernberg 4"]
[Site "?"]
[Date "2022.10.16"]
[Round "3.1"]
[White "Huettemann, Karl- Heinz"]
[Black "Kyas, Jens- Stefan"]
[Result "1-0"]
[WhiteElo "2033"]
[BlackElo "1629"]
[PlyCount "113"]
[SourceDate "2022.10.02"]

1. c4 e5 2. Nc3 Nf6 3. g3 d5 4. cxd5 Nxd5 5. Bg2 Be6 6. Qb3 Nb6 7. Qb5+ N8d7 8.
Bxb7 a6 9. Qd3 Bc4 10. Qf3 Ra7 11. d3 Be6 12. Be3 Nc5 13. Bc6+ Bd7 14. h4 Bxc6
15. Qxc6+ Qd7 16. Qxd7+ Kxd7 17. Nf3 f6 18. O-O-O Ne6 19. d4 exd4 20. Nxd4 Nxd4
21. Rxd4+ Bd6 22. Rhd1 Kc6 23. Rg4 g6 24. Bxb6 Kxb6 25. Nd5+ Kc6 26. Nxf6 Rb7
27. Rc4+ Kb5 28. b3 a5 29. Rd5+ Ka6 30. Ne4 Ba3+ 31. Kc2 Kb6 32. Nc3 c6 33.
Na4+ Ka6 34. Rxc6+ Ka7 35. Rxa5+ Kb8 36. Nb6 Ra7 37. Rxa7 Kxa7 38. Nc4 Bb4 39.
Rf6 Re8 40. e3 Be1 41. Rf7+ Ka6 42. Kd1 Bc3 43. Rxh7 Rd8+ 44. Ke2 Kb5 45. Rb7+
Kc5 46. a4 Kc6 47. Rb6+ Kc5 48. Rxg6 Kb4 49. Rb6+ Kc5 50. f4 Rg8 51. Kf3 Be1
52. Rb5+ Kc6 53. Rg5 Rb8 54. h5 Rxb3 55. Na5+ Bxa5 56. Rxa5 Kd6 57. Re5 1-0

[Event "Oberhausen- Katernberg 4"]
[Site "?"]
[Date "2022.10.16"]
[Round "3.2"]
[White "Heintze, Sven"]
[Black "Berresheim, Nils"]
[Result "1-0"]
[WhiteElo "1779"]
[BlackElo "1792"]
[PlyCount "47"]
[SourceDate "2022.10.02"]

1. d4 Nf6 2. Bf4 g6 3. Nc3 Bg7 4. e4 d6 5. Qd2 Nbd7 6. Bh6 Bxh6 7. Qxh6 c5 8.
O-O-O Rb8 9. Nf3 Qa5 10. e5 cxd4 11. Rxd4 Nxe5 12. Bb5+ Bd7 13. Bxd7+ Kxd7 14.
Qh3+ Kc7 15. Re1 Rbc8 16. Nxe5 dxe5 17. Qg3 Nd7 18. Rd5 Qa6 19. Red1 Rhd8 20.
f4 e6 21. Rd6 Qc4 22. fxe5 b5 23. Qf2 Nc5 24. Qxf7+ 1-0

[Event "Oberhausen- Katernberg 4"]
[Site "?"]
[Date "2022.10.16"]
[Round "3.3"]
[White "Jahrke, Jonas"]
[Black "Kuckelkorn, Joerg"]
[Result "1/2-1/2"]
[WhiteElo "1725"]
[BlackElo "1820"]
[Annotator "daniel"]
[PlyCount "76"]
[SourceDate "2022.10.02"]

1. Nf3 f5 2. d4 Nf6 3. Bg5 e6 4. Nbd2 d5 5. Ne5 Be7 6. e3 O-O 7. Bd3 b6 8. Qe2
Bb7 9. Ndf3 c5 10. c3 Nc6 11. Nxc6 Bxc6 12. Ne5 Be8 13. f3 c4 14. Bc2 Qc7 15.
Bf4 Bd6 16. g4 Nd7 17. Nxd7 Bxd7 18. Bxd6 Qxd6 19. g5 e5 20. dxe5 Qxe5 21. f4
Qe7 22. Kf2 Rae8 23. Rhd1 Bc6 24. Rd4 b5 25. a3 a5 26. Qd2 Qf7 27. Bd1 Re7 28.
Bf3 Rfe8 29. Rd1 Qe6 30. Bxd5 Bxd5 31. Rxd5 Qxe3+ 32. Qxe3 Rxe3 $11 33. Rxb5
Re2+ 34. Kg1 g6 35. Rb7 R2e4 36. Rdd7 Re1+ 37. Kg2 R1e2+ 38. Kg1 Re1+ 1/2-1/2

[Event "Oberhausen- Katernberg 4"]
[Site "?"]
[Date "2022.10.16"]
[Round "3.4"]
[White "Hortolani, Sven- Holger"]
[Black "Mamikonyan, Davit"]
[Result "1-0"]
[WhiteElo "2135"]
[BlackElo "1890"]
[PlyCount "65"]
[SourceDate "2022.10.02"]

1. Nf3 d5 2. g3 Bf5 3. Bg2 e6 4. O-O Be7 5. c4 c6 6. d3 dxc4 7. dxc4 Qxd1 8.
Rxd1 Nf6 9. Nc3 Nbd7 10. Bf4 O-O 11. e4 e5 12. Nxe5 Nxe5 13. Bxe5 Bg6 14. Bd6
Rfe8 15. Bxe7 Rxe7 16. f3 Rd7 17. e5 Rxd1+ 18. Rxd1 Ne8 19. Rd7 Rb8 20. Bh3 f5
21. f4 h5 22. b3 a6 23. Ne2 c5 24. Nc3 b5 25. Bg2 Bf7 26. Bd5 Bxd5 27. cxd5 b4
28. Na4 Rc8 29. Nb6 Rc7 30. Rd8 Kf7 31. d6 Rb7 32. d7 Nc7 33. Rf8+ 1-0

[Event "Oberhausen- Katernberg 4"]
[Site "?"]
[Date "2022.10.16"]
[Round "3.5"]
[White "Riesenbeck, Juergen"]
[Black "Boecker, Juergen"]
[Result "1-0"]
[WhiteElo "2097"]
[BlackElo "1919"]
[PlyCount "87"]
[SourceDate "2022.10.02"]

1. e4 e5 2. Nc3 d6 3. d4 exd4 4. Qxd4 Nc6 5. Qd3 Nf6 6. Bg5 h6 7. Bh4 g5 8. Bg3
Bg7 9. O-O-O a6 10. e5 dxe5 11. Qxd8+ Nxd8 12. Bxe5 c6 13. Na4 Be6 14. Nb6 Ra7
15. Bb8 Ne4 16. Nh3 Bxh3 17. gxh3 Nxf2 18. Re1+ Ne6 19. Bxa7 Nxh1 20. Bg2 Nf2
21. Nc4 O-O 22. Bxf2 Nf4 23. Bf1 Rd8 24. Bb6 Rd5 25. Re8+ Kh7 26. Ne3 Re5 27.
Rxe5 Bxe5 28. Nc4 Bb8 29. Na5 Nd5 30. Bg1 Bf4+ 31. Kb1 Be3 32. Bxe3 Nxe3 33.
Bd3+ f5 34. Nxb7 h5 35. Bxa6 f4 36. Bd3+ Kh6 37. a4 g4 38. hxg4 hxg4 39. a5 g3
40. hxg3 fxg3 41. Be4 Nc4 42. Bxc6 Nxa5 43. Nxa5 g2 44. Bxg2 1-0

[Event "Oberhausen- Katernberg 4"]
[Site "?"]
[Date "2022.10.16"]
[Round "3.6"]
[White "Barutta, Larissa"]
[Black "Sikorski, Thomas"]
[Result "1-0"]
[WhiteElo "1595"]
[BlackElo "1749"]
[PlyCount "65"]
[SourceDate "2022.10.02"]

1. d4 c6 2. c4 d6 3. Nc3 Nd7 4. Nf3 e5 5. dxe5 dxe5 6. a3 Ngf6 7. e4 Be7 8. Be2
O-O 9. O-O Re8 10. Qc2 Qc7 11. h3 Nf8 12. Rd1 Ng6 13. Be3 h6 14. Rd2 Be6 15.
Rad1 b6 16. c5 b5 17. b4 a5 18. Rb1 axb4 19. axb4 Ra3 20. Bxb5 Rxc3 21. Qxc3
Nxe4 22. Qd3 Nxd2 23. Nxd2 cxb5 24. Qxb5 f5 25. Qxe8+ Kh7 26. Nb3 f4 27. Bd2
Bf5 28. Ra1 Bd7 29. Qa8 Bc6 30. Ra7 Bxa8 31. Rxc7 Bd5 32. Na5 Bc4 33. Nxc4 1-0

[Event "Oberhausen- Katernberg 4"]
[Site "?"]
[Date "2022.10.16"]
[Round "3.7"]
[White "Wolff, Michael"]
[Black "Hellmann, Thomas"]
[Result "1/2-1/2"]
[WhiteElo "1877"]
[BlackElo "1771"]
[PlyCount "108"]
[SourceDate "2022.10.02"]

1. a3 d6 2. c4 c5 3. g3 Nc6 4. Bg2 g6 5. e4 Bg7 6. d3 Nf6 7. Nc3 Nd4 8. f4 O-O
9. Nf3 e6 10. O-O a6 11. Rb1 Qc7 12. h3 Rb8 13. Nxd4 cxd4 14. Ne2 e5 15. b4 b5
16. fxe5 dxe5 17. c5 Be6 18. Kh2 Nd7 19. g4 f5 20. gxf5 gxf5 21. Ng3 f4 22. Nh1
Nf6 23. Bf3 Qd7 24. Nf2 Kh8 25. Rg1 Rg8 26. Bd2 Bh6 27. Qe2 Rxg1 28. Rxg1 Rg8
29. Rxg8+ Kxg8 30. Qf1 Qg7 31. Qg1 Qxg1+ 32. Kxg1 Bg5 33. Ng4 Nxg4 34. hxg4 Kf7
35. Be1 Ke7 36. Kf1 Kd7 37. Ke2 Kc6 38. Kd2 Bd8 39. Kc2 Bf6 40. Kb2 Bd8 41. Bd1
Bg5 42. a4 Bd8 43. Ka3 Bg5 44. axb5+ axb5 45. Kb2 Bd8 46. Kc1 Bg5 47. Kc2 h6
48. Bf3 Bf7 49. Kd2 Be6 50. Ke2 Bf7 51. Kf1 Be6 52. Kg2 Bf7 53. Kh3 Be6 54. Bf2
Bf7 1/2-1/2

[Event "Oberhausen- Katernberg 4"]
[Site "?"]
[Date "2022.10.16"]
[Round "3.8"]
[White "Ciomperlik, Alessio Diego"]
[Black "Fattah, Samir"]
[Result "0-1"]
[WhiteElo "1622"]
[BlackElo "1810"]
[PlyCount "86"]
[SourceDate "2022.10.02"]

1. e4 e5 2. Nf3 Nc6 3. Bc4 Be7 4. c3 Nf6 5. d3 O-O 6. Be3 d6 7. Nbd2 a6 8. a4
Ng4 9. Qe2 Nxe3 10. fxe3 Be6 11. O-O d5 12. exd5 Bxd5 13. Rad1 Qd7 14. h3 Rad8
15. d4 exd4 16. exd4 Bf6 17. Ne4 Bxe4 18. Qxe4 Qd6 19. Rde1 Rd7 20. h4 Re7 21.
Qg4 Rfe8 22. Rxe7 Rxe7 23. Qc8+ Nd8 24. b4 g6 25. Ne5 Kg7 26. Qg4 Bxe5 27. dxe5
Qxe5 28. Rf3 f5 29. Qh3 h5 30. Rd3 Nf7 31. b5 Qc5+ 32. Rd4 axb5 33. Bxb5 c6 34.
Bf1 Re4 35. Qd3 Rxh4 36. g3 Rxd4 37. Qxd4+ Qxd4+ 38. cxd4 Nd6 39. a5 Kf6 40.
Kf2 Ke6 41. Bg2 Kd7 42. Kf3 g5 43. Bf1 Kc7 0-1

[Event "Kray- Unna"]
[Site "?"]
[Date "2022.10.16"]
[Round "3.1"]
[White "Barskij, Aleksandr"]
[Black "Happe, Ulrich"]
[Result "0-1"]
[WhiteElo "1882"]
[BlackElo "2117"]
[PlyCount "78"]
[SourceDate "2022.10.02"]

1. e4 c5 2. Nc3 e6 3. Nge2 Nc6 4. g3 a6 5. Bg2 g6 6. d3 Bg7 7. Be3 Nd4 8. O-O
Ne7 9. Qd2 O-O 10. Na4 d6 11. Nac3 Rb8 12. Nd1 b5 13. Nc1 b4 14. c3 bxc3 15.
bxc3 Ndc6 16. Bh6 Bd7 17. Bxg7 Kxg7 18. Ne3 e5 19. Ne2 Qc7 20. f4 f6 21. Rf2
Be6 22. f5 Bd7 23. Raf1 g5 24. Bf3 Be8 25. h4 h6 26. Rh2 Bf7 27. hxg5 hxg5 28.
Bh5 Bxh5 29. Rxh5 Rh8 30. Rxh8 Rxh8 31. Rf2 Qd8 32. Nc1 d5 33. Rh2 d4 34. Ng4
dxc3 35. Qxc3 Rxh2 36. Kxh2 Qd4 37. Ne2 Qb4 38. a3 Qb1 39. Ne3 Qa2 0-1

[Event "Kray- Unna"]
[Site "?"]
[Date "2022.10.16"]
[Round "3.2"]
[White "Landau, Christian"]
[Black "Morawietz, Manuel"]
[Result "1-0"]
[WhiteElo "2119"]
[BlackElo "1921"]
[PlyCount "61"]
[SourceDate "2022.10.02"]

1. e4 e5 2. Nf3 Nc6 3. d4 exd4 4. Bc4 Nf6 5. O-O Nxe4 6. Re1 d5 7. Bxd5 Qxd5 8.
Nc3 Qh5 9. Nxe4 Be7 10. Bg5 Be6 11. Bxe7 Nxe7 12. Nxd4 Qxd1 13. Raxd1 O-O-O 14.
Nxe6 Rxd1 15. Rxd1 fxe6 16. Ng5 e5 17. Nf7 Rf8 18. Nxe5 Rf5 19. Re1 Nd5 20. c3
c5 21. g3 Kc7 22. Nd3 Kd6 23. Rd1 Kc6 24. f4 b5 25. Ne5+ Kd6 26. b3 c4 27. bxc4
bxc4 28. Nxc4+ Kc5 29. Ne5 g5 30. g4 Rxf4 31. Nd3+ 1-0

[Event "Kray- Unna"]
[Site "?"]
[Date "2022.10.16"]
[Round "3.3"]
[White "Kraemer, Sascha"]
[Black "Seker, Seyfullah"]
[Result "1-0"]
[WhiteElo "1911"]
[BlackElo "1741"]
[PlyCount "57"]
[SourceDate "2022.10.02"]

1. e4 c5 2. d4 cxd4 3. c3 d3 4. Nf3 Nc6 5. Bxd3 d6 6. Bg5 Nf6 7. Nbd2 a6 8. O-O
h6 9. Bh4 e6 10. Qe2 Be7 11. Rad1 Qc7 12. Nd4 Bd7 13. f4 Nxe4 14. Nxe4 Bxh4 15.
f5 e5 16. Ne6 Bxe6 17. fxe6 O-O 18. exf7+ Kh8 19. Ng5 d5 20. Ne6 Qe7 21. Nxf8
Rxf8 22. Bg6 Nd8 23. Rxd5 Qe6 24. Qd3 Bf6 25. Rd6 Qe7 26. Qd5 b6 27. b4 a5 28.
Rd7 Qe6 29. Rxd8 1-0